[Event "Groningen op-A 53rd"]
[Site "Groningen"]
[Date "2015.12.27"]
[Round "6"]
[White "Amesz, Jaap"]
[Black "Baskin, Robert"]
[Result "1/2-1/2"]
[WhiteElo "2166"]
[BlackElo "2351"]
[PlyCount "36"]
[EventDate "2015.12.21"]
[EventType "swiss"]
[EventRounds "9"]
[EventCountry "NED"]
[SourceTitle "CBM 170 Extra"]
[Source "ChessBase"]
[SourceDate "2016.02.25"]
[SourceVersion "1"]
[SourceVersionDate "2016.02.25"]
[SourceQuality "1"]

1. Nf3 Nf6 2. d4 g6 3. Bf4 Bg7 4. Nbd2 d5 5. e3 0-0 6. Be2 c5 7. dxc5 Qa5 8. 0-0 Qxc5 9. c4 dxc4 10. Nxc4 b5 11. Nce5 Nh5 12. Rc1 Qb6 13. Qd5 Nxf4 14. exf4 Bb7 15. Qxb5 Bxf3 16. Nxf3 Bxb2 17. Rb1 Qxb5 18. Bxb5 Bf6 1/2-1/2

[Event "Groningen op-A 53rd"]
[Site "Groningen"]
[Date "2015.12.21"]
[Round "1"]
[White "Shyam, Sundar M"]
[Black "Amesz, Jaap"]
[Result "1-0"]
[WhiteElo "2485"]
[BlackElo "2166"]
[PlyCount "81"]
[EventDate "2015.12.21"]
[EventType "swiss"]
[EventRounds "9"]
[EventCountry "NED"]
[SourceTitle "CBM 170 Extra"]
[Source "ChessBase"]
[SourceDate "2016.02.25"]
[SourceVersion "1"]
[SourceVersionDate "2016.02.25"]
[SourceQuality "1"]

1. e4 d6 2. d4 Nf6 3. Nc3 e5 4. Nf3 Nbd7 5. Bc4 Be7 6. 0-0 0-0 7. a4 h6 8. a5 c6 9. Re1 Qc7 10. h3 Re8 11. d5 cxd5 12. Bxd5 Nc5 13. Be3 Be6 14. b4 Ncxe4 15. Bxe4 Qxc3 16. Bxb7 Rab8 17. a6 Qxb4 18. Rb1 Qa3 19. Qd2 Qa4 20. Ra1 Qd7 21. Reb1 e4 22. Bxa7 Ra8 23. Bxa8 Qxa7 24. Bc6 exf3 25. Bxe8 Nxe8 26. Rb7 Qa8 27. Rxe7 fxg2 28. Rxe8+ Qxe8 29. a7 Qa8 30. Qxd6 Kh7 31. Qb8 Qf3 32. a8Q Qxh3 33. Qh8+ Kg6 34. Qxg2+ Qg4 35. Qxg4+ Bxg4 36. Ra6+ Be6 37. c4 Kf6 38. c5 Kg6 39. c6 Kf6 40. c7 Ke7 41. Qd8# 1-0

[Event "Vlissingen HZ op 04th"]
[Site "Vlissingen"]
[Date "2000.08.04"]
[Round "8"]
[White "Amesz, Jaap"]
[Black "Van Delft, Merijn"]
[Result "1/2-1/2"]
[WhiteElo "2185"]
[BlackElo "2320"]
[PlyCount "28"]
[EventDate "2000.07.29"]
[EventType "swiss"]
[EventRounds "9"]
[EventCountry "NED"]
[SourceTitle "CBM 077 Extra"]
[Source "ChessBase"]
[SourceDate "2000.09.14"]
[SourceVersion "1"]
[SourceVersionDate "2000.09.14"]
[SourceQuality "1"]

1. e4 c5 2. Nf3 d6 3. d4 cxd4 4. Nxd4 Nf6 5. Nc3 a6 6. Bc4 e6 7. Bb3 b5 8. 0-0 Be7 9. Re1 Qc7 10. Qf3 0-0 11. Qg3 Kh8 12. a3 Bd7 13. Bg5 Nc6 14. Nxc6 Bxc6 1/2-1/2

[Event "Vlissingen HZ op 04th"]
[Site "Vlissingen"]
[Date "2000.07.31"]
[Round "4"]
[White "Amesz, Jaap"]
[Black "Gelashvili, Tamaz"]
[Result "0-1"]
[WhiteElo "2185"]
[BlackElo "2519"]
[PlyCount "90"]
[EventDate "2000.07.29"]
[EventType "swiss"]
[EventRounds "9"]
[EventCountry "NED"]
[SourceTitle "CBM 077 Extra"]
[Source "ChessBase"]
[SourceDate "2000.09.14"]
[SourceVersion "1"]
[SourceVersionDate "2000.09.14"]
[SourceQuality "1"]

1. e4 d6 2. d4 Nf6 3. Nc3 g6 4. Bc4 Bg7 5. Nf3 0-0 6. h3 c6 7. a4 d5 8. Bd3 dxe4 9. Nxe4 Nxe4 10. Bxe4 Nd7 11. c3 c5 12. 0-0 cxd4 13. Nxd4 Nc5 14. Bc2 e5 15. Nb3 Qc7 16. Be3 Ne6 17. Qe2 f5 18. f3 Kh8 19. Rfd1 e4 20. Bd4 Nxd4 21. Nxd4 exf3 22. Qxf3 Bd7 23. Kh1 a6 24. Qd5 Rae8 25. Re1 Qg3 26. Ne2 Bc6 27. Nxg3 Bxd5 28. Nf1 Be5 29. Rad1 Bc6 30. Bb3 Bc7 31. Kg1 Bb6+ 32. Kh2 Bf2 33. Rxe8 Rxe8 34. Bd5 Bxd5 35. Rxd5 Re1 36. Nd2 f4 37. h4 Bg3+ 38. Kh3 h5 39. Rd8+ Kg7 40. Rd7+ Kh6 41. Nf1 Rxf1 42. Rd1 Rxd1 43. b4 b5 44. c4 bxc4 45. b5 Rh1# 0-1

[Event "Vlissingen HZ op 04th"]
[Site "Vlissingen"]
[Date "2000.07.30"]
[Round "3"]
[White "Ernst, Sipke"]
[Black "Amesz, Jaap"]
[Result "1/2-1/2"]
[WhiteElo "2373"]
[BlackElo "2185"]
[PlyCount "90"]
[EventDate "2000.07.29"]
[EventType "swiss"]
[EventRounds "9"]
[EventCountry "NED"]
[SourceTitle "CBM 077 Extra"]
[Source "ChessBase"]
[SourceDate "2000.09.14"]
[SourceVersion "1"]
[SourceVersionDate "2000.09.14"]
[SourceQuality "1"]

1. d4 Nf6 2. c4 c5 3. Nf3 cxd4 4. Nxd4 b6 5. f3 e6 6. e4 d6 7. Nc3 Bb7 8. Be2 Nbd7 9. 0-0 a6 10. Be3 Be7 11. Qd2 0-0 12. g4 h6 13. h4 Nh7 14. h5 Re8 15. f4 Nc5 16. Bf3 Nf6 17. Qg2 e5 18. Nf5 exf4 19. Bxc5 dxc5 20. g5 hxg5 21. Qxg5 Bf8 22. e5 Bxf3 23. exf6 Bxh5 24. Qxh5 Qxf6 25. Nd5 Qg6+ 26. Qxg6 fxg6 27. Nh4 g5 28. Nf3 g4 29. Nh2 g3 30. Nf3 Rab8 31. Rae1 b5 32. Rxe8 Rxe8 33. Re1 Rxe1+ 34. Nxe1 g5 35. Nf3 Bg7 36. cxb5 axb5 37. Nxg5 Bxb2 38. Kg2 c4 39. Ne6 Ba3 40. Nd4 b4 41. Nc2 b3 42. Nxa3 bxa2 43. Nc2 f3+ 44. Kf1 c3 45. Ndb4 a1R+ 1/2-1/2

[Event "Glorney Cup"]
[Site "Dublin"]
[Date "2000.07.24"]
[Round "1"]
[White "Hodge, David Jonathan"]
[Black "Amesz, Jaap"]
[Result "1/2-1/2"]
[WhiteElo "2134"]
[BlackElo "2185"]
[PlyCount "65"]
[EventDate "2000.07.24"]
[EventType "team"]
[EventRounds "5"]
[EventCountry "IRL"]
[SourceTitle "EXT 2001"]
[Source "ChessBase"]
[SourceDate "2000.11.22"]
[SourceVersion "1"]
[SourceVersionDate "2000.11.22"]
[SourceQuality "1"]

1. e4 c5 2. c3 e6 3. d4 d5 4. exd5 Qxd5 5. Nf3 Nf6 6. Na3 a6 7. Nc4 Nbd7 8. Be2 cxd4 9. cxd4 b5 10. Ne3 Bb4+ 11. Bd2 Qd6 12. 0-0 Nb6 13. Ne5 Bb7 14. Bxb4 Qxb4 15. Bf3 Bxf3 16. Qxf3 0-0 17. Qb7 Nbd5 18. Nxd5 Nxd5 19. Rad1 Qe7 20. Qxe7 Nxe7 21. Rc1 Rfc8 22. Rc5 f6 23. Nf3 Rc6 24. Rfc1 Rac8 25. Kf1 Kf7 26. Rxc6 Rxc6 27. Rxc6 Nxc6 28. Ke2 Ke7 29. a3 Kd6 30. Kd3 Kd5 31. h4 Na5 32. Nd2 Nc6 33. Nf1 1/2-1/2

[Event "Limburg op U18"]
[Site "Venlo"]
[Date "2000.07.08"]
[Round "5"]
[White "Amesz, Jaap"]
[Black "Smeets, Jan"]
[Result "1/2-1/2"]
[WhiteElo "2185"]
[BlackElo "2183"]
[PlyCount "70"]
[EventDate "2000.07.??"]
[EventType "swiss"]
[EventRounds "7"]
[EventCountry "NED"]
[SourceTitle "EXT 2002"]
[Source "ChessBase"]
[SourceDate "2001.11.25"]
[SourceVersion "1"]
[SourceVersionDate "2001.11.25"]
[SourceQuality "1"]

1. d4 d5 2. c4 c6 3. Nc3 e6 4. cxd5 cxd5 5. Bf4 a6 6. e3 Nf6 7. h3 Be7 8. Nf3 0-0 9. Bd3 b5 10. 0-0 Bb7 11. g3 Nbd7 12. Nd2 Nb6 13. b4 Nc4 14. Nb3 Qb6 15. Nc5 a5 16. Qd2 Bc6 17. Rfb1 Ra7 18. Bxc4 dxc4 19. Qb2 Rfa8 20. Bg5 Qd8 21. a4 Bxc5 22. dxc5 axb4 23. Qxb4 Qa5 24. Bxf6 gxf6 25. Nxb5 Qxb4 26. Rxb4 Ra5 27. Nd4 Bd5 28. e4 Bxe4 29. Rxc4 Bd5 30. Rc3 Rxa4 31. Rxa4 Rxa4 32. Nc2 Bc6 33. Ne3 Ra5 34. Nc2 Ra4 35. Ne3 Ra5 1/2-1/2

[Event "NED-ch U20"]
[Site "Leiden"]
[Date "2000.05.02"]
[Round "2"]
[White "Van Dongen, Cor"]
[Black "Amesz, Jaap"]
[Result "1/2-1/2"]
[WhiteElo "2135"]
[BlackElo "2185"]
[PlyCount "44"]
[EventDate "2000.05.01"]
[EventType "swiss"]
[EventRounds "9"]
[EventCountry "NED"]
[SourceTitle "EXT 2002"]
[Source "ChessBase"]
[SourceDate "2001.11.25"]
[SourceVersion "1"]
[SourceVersionDate "2001.11.25"]
[SourceQuality "1"]

1. d4 Nf6 2. c4 c5 3. Nf3 cxd4 4. Nxd4 b6 5. Nc3 Bb7 6. f3 e6 7. e4 d6 8. Be3 Nbd7 9. Be2 Be7 10. 0-0 0-0 11. Rc1 a6 12. Qd2 Qc7 13. Rfd1 Rac8 14. a3 Qb8 15. b4 Rfe8 16. Bf1 Bd8 17. Nb3 Bc7 18. Bf4 Ne5 19. Bg3 Red8 20. Bh4 Ned7 21. Qa2 Re8 22. Kh1 Kh8 1/2-1/2

[Event "Lost Boys op"]
[Site "Amsterdam"]
[Date "2000.??.??"]
[Round "?"]
[White "Amesz, Jaap"]
[Black "Van Blitterswijk, Stefan"]
[Result "0-1"]
[WhiteElo "2185"]
[BlackElo "2350"]
[PlyCount "62"]
[EventDate "2000.08.05"]
[EventType "swiss"]
[EventRounds "9"]
[EventCountry "NED"]
[SourceTitle "EXT 2002"]
[Source "ChessBase"]
[SourceDate "2001.11.25"]
[SourceVersion "1"]
[SourceVersionDate "2001.11.25"]
[SourceQuality "1"]

1. c4 b6 2. Nc3 Bb7 3. e4 e6 4. Nge2 c5 5. d4 cxd4 6. Nxd4 d6 7. Be3 Nf6 8. f3 Be7 9. Be2 0-0 10. 0-0 a6 11. Qd2 Nbd7 12. Rfd1 Qc7 13. Rac1 Rac8 14. a3 Rfe8 15. b4 Qb8 16. Kh1 Qa8 17. Nb3 Qb8 18. Bf4 Ne5 19. Na4 Bc6 20. b5 axb5 21. cxb5 Ba8 22. Qd4 Rxc1 23. Nxc1 Qa7 24. Nxb6 Qxa3 25. Bxe5 dxe5 26. Qxe5 Rd8 27. Nxa8 Rxd1+ 28. Bxd1 Qxc1 29. Qd4 e5 30. Qd3 Qa1 31. Nc7 Qa5 0-1

[Event "Lost Boys op"]
[Site "Amsterdam"]
[Date "2000.??.??"]
[Round "?"]
[White "Bertholee, Rob"]
[Black "Amesz, Jaap"]
[Result "1/2-1/2"]
[WhiteElo "2340"]
[BlackElo "2185"]
[PlyCount "148"]
[EventDate "2000.08.05"]
[EventType "swiss"]
[EventRounds "9"]
[EventCountry "NED"]
[SourceTitle "EXT 2002"]
[Source "ChessBase"]
[SourceDate "2001.11.25"]
[SourceVersion "1"]
[SourceVersionDate "2001.11.25"]
[SourceQuality "1"]

1. e4 c5 2. Nc3 Nc6 3. Nf3 e6 4. Bb5 Nge7 5. 0-0 a6 6. Bxc6 Nxc6 7. d4 cxd4 8. Nxd4 d6 9. Re1 Be7 10. Nxc6 bxc6 11. Qg4 Bf8 12. b3 e5 13. Qg3 Be6 14. Ba3 Qa5 15. Na4 f6 16. Rad1 Kf7 17. Qe3 c5 18. Bb2 Be7 19. Bc3 Qb5 20. Qd2 Rac8 21. Bb2 c4 22. Re3 Rc6 23. Nc3 Qa5 24. Nd5 Qxd2 25. Rxd2 Rhc8 26. b4 Bd8 27. Bc3 g6 28. Re1 f5 29. f3 Bg5 30. Rdd1 Rb8 31. a4 Rb7 32. Rb1 Bxd5 33. exd5 Rc8 34. Kf1 Bh4 35. Red1 Rcb8 36. Ke2 Bd8 37. Rb2 h5 38. Rdb1 g5 39. b5 a5 40. Bd2 f4 41. Be1 Bb6 42. Bf2 Rc8 43. c3 h4 44. Kf1 Ke7 45. g3 hxg3 46. hxg3 Rh8 47. Bxb6 Rxb6 48. Kg2 Kd7 49. Re2 Rbb8 50. Rh1 Rxh1 51. Kxh1 Rc8 52. Kg2 Rc5 53. Rd2 Kc7 54. gxf4 gxf4 55. Kh3 Kb6 56. Kg4 Rc8 57. Kf5 Rh8 58. Ke6 Kc5 59. Rb2 Rh6+ 60. Kf5 Kxd5 61. Rd2+ Kc5 62. Ke4 Rg6 63. Rd1 Rh6 64. Rd2 Rg6 65. Rd5+ Kb6 66. Rd1 Kc5 67. Rd2 Rh6 68. Rd1 Rg6 69. Rd5+ Kb6 70. Kf5 Rh6 71. Kg5 Re6 72. Kf5 Rh6 73. Rd2 Kc5 74. Ke4 Rg6 1/2-1/2

[Event "Lost Boys op"]
[Site "Amsterdam"]
[Date "2000.??.??"]
[Round "?"]
[White "Leer Salvesen, Bjarte"]
[Black "Amesz, Jaap"]
[Result "1-0"]
[WhiteElo "2275"]
[BlackElo "2185"]
[PlyCount "151"]
[EventDate "2000.08.05"]
[EventType "swiss"]
[EventRounds "9"]
[EventCountry "NED"]
[SourceTitle "EXT 2002"]
[Source "ChessBase"]
[SourceDate "2001.11.25"]
[SourceVersion "1"]
[SourceVersionDate "2001.11.25"]
[SourceQuality "1"]

1. c4 Nf6 2. g3 e5 3. Bg2 d5 4. cxd5 Nxd5 5. Nc3 Nb6 6. Nf3 Nc6 7. d3 Be7 8. 0-0 0-0 9. Be3 Be6 10. Rc1 Qd7 11. Re1 Nd5 12. Nxd5 Bxd5 13. a3 Rad8 14. b4 Bf6 15. Rc5 Rfe8 16. Qc1 a6 17. Rxd5 Qxd5 18. Nd4 Qa2 19. Nxc6 bxc6 20. Bxc6 Re6 21. Be4 g6 22. Qa1 Qxa1 23. Rxa1 Be7 24. g4 Rb8 25. Rc1 a5 26. bxa5 Ra6 27. Rxc7 Kf8 28. Bh6+ Ke8 29. Bc6+ Kd8 30. Rd7+ Kc8 31. Rxe7 Rxc6 32. Rxe5 Kd7 33. Be3 Rb3 34. Bc5 f6 35. Rd5+ Ke6 36. e4 Rb5 37. d4 Rxa5 38. Kg2 Raa6 39. Kg3 Rc7 40. h4 Rd7 41. Rxd7 Kxd7 42. Kf4 Kc6 43. g5 Kb5 44. Ke3 Kc4 45. gxf6 Rxf6 46. f4 Rf7 47. Bb4 Rb7 48. d5 Rf7 49. d6 Rd7 50. Kf3 Kd4 51. e5 Kd5 52. Kg4 Ke6 53. Bc5 Rd8 54. Bb4 Rd7 55. Kf3 Kd5 56. Ke3 Rg7 57. a4 h6 58. a5 Rf7 59. Bc3 Rb7 60. a6 Ra7 61. Bd4 Ra8 62. a7 Kc6 63. Ke4 Rf8 64. Bf2 h5 65. Be3 Re8 66. f5 gxf5+ 67. Kxf5 Kd7 68. Kf6 Rf8+ 69. Kg7 Ra8 70. Kf7 Rh8 71. Bf4 Re8 72. e6+ Rxe6 73. a8Q Rf6+ 74. Kg7 Rf7+ 75. Kg6 Rf6+ 76. Kxh5 1-0

[Event "VCN SchaakFestival"]
[Site "Soest"]
[Date "1999.05.16"]
[Round "6"]
[White "Smits, Mark"]
[Black "Amesz, Jaap"]
[Result "0-1"]
[WhiteElo "2086"]
[BlackElo "2190"]
[PlyCount "45"]
[EventDate "1999.05.14"]
[EventType "swiss"]
[EventRounds "7"]
[EventCountry "NED"]
[SourceTitle "EXT 2000"]
[Source "ChessBase"]
[SourceDate "1999.11.16"]
[SourceVersion "1"]
[SourceVersionDate "1999.11.16"]
[SourceQuality "1"]

1. e4 d5 2. Nc3 dxe4 3. Nxe4 Bf5 4. Ng3 Bg6 5. d4 Nf6 6. Nf3 Nc6 7. Bb5 Qd6 8. 0-0 a6 9. Bxc6+ Qxc6 10. Ne5 Qxc2 11. Qf3 Be4 12. Qf4 Bd5 13. Be3 Qxb2 14. Nd3 Qa3 15. Nc5 b6 16. Bc1 Qc3 17. Bd2 g5 18. Qxg5 Qxd4 19. Bc3 Qxc3 20. Rac1 Qa5 21. Nh5 0-0-0 22. Nxf6 exf6 23. Nxa6 0-1

[Event "NED-ch U20 "]
[Site "Leiden"]
[Date "1999.05.10"]
[Round "8"]
[White "Amesz, Jaap"]
[Black "Van Beek, Lucien"]
[Result "0-1"]
[WhiteElo "2236"]
[BlackElo "2320"]
[PlyCount "124"]
[EventDate "1999.05.??"]
[EventType "swiss"]
[EventRounds "9"]
[EventCountry "NED"]
[SourceTitle "CBM 070 Extra"]
[Source "ChessBase"]
[SourceDate "1999.07.10"]
[SourceVersion "1"]
[SourceVersionDate "1999.07.10"]
[SourceQuality "1"]

1. d4 Nf6 2. Bg5 e6 3. e4 h6 4. Bxf6 Qxf6 5. Nc3 Bb4 6. Nge2 0-0 7. Qd2 e5 8. dxe5 Qxe5 9. 0-0-0 Nc6 10. f4 Qe7 11. g3 d6 12. Bg2 Be6 13. Kb1 Qd7 14. Nd4 Bc4 15. Nxc6 Qxc6 16. a3 a5 17. Nd5 Bxd2 18. Ne7+ Kh8 19. Nxc6 Be3 20. Nd4 Rfe8 21. b3 Ba6 22. a4 Bxd4 23. Rxd4 Re7 24. g4 Rae8 25. Re1 g5 26. fxg5 hxg5 27. Rd5 Re5 28. Rxe5 Rxe5 29. c4 Kg7 30. Kc2 b6 31. Kd3 Bc8 32. Bh3 Re6 33. Bg2 Rf6 34. h3 Rf2 35. Re2 Rxe2 36. Kxe2 Kf6 37. Ke3 Ke5 38. Bf3 Bb7 39. Bg2 Ba8 40. Bf3 Bb7 41. Bg2 Bc8 42. Bf3 c6 43. Bg2 Bd7 44. Bf1 Be8 45. Be2 f6 46. Bf1 d5 47. cxd5 cxd5 48. exd5 Kxd5 49. Bd3 Ke5 50. Bc4 Bc6 51. Ba6 Bg2 52. Kf2 Bd5 53. Kg3 Bxb3 54. Bb5 Be6 55. Be8 Kd6 56. Bg6 Bd7 57. Bc2 Ke5 58. Bd1 Be8 59. Bc2 Kd4 60. h4 gxh4+ 61. Kxh4 Kc3 62. Bd1 Kb4 0-1